000 00957nam a2200337Ia 4500
001 Z_6227
003 CHAP
008 220113s1981 xx 000 0 und d
010 _a169470
020 _a84-320-4712-0
040 _cCHAP
082 _a591.57 D76
100 _aDröscher, Vitus B.
_934253
245 _aSobrevivir: la gran lección del reino animal /
_cVitus B. Dröscher; tradicción Joaquín Adsuar Ortega
250 _a4a ed.
260 _aEspaña :
_bPlaneta,
_c1981
300 _a295 p.
440 _aColección Alfilo del tiempo
_9144219
500 _aTraducción de la obra en aleman: Überlebensformel
503 _aej.1: ?
504 _aBibliografía: p. 279 - 288, incluye índice
650 _aConducta animal
_9134384
650 _aDefensa anial
_9144220
700 _aAdsuar Ortega, Joaquín, tr.
_9144221
901 _a591.57 D76
902 _aM
910 _a1981
942 _c1
942 _cc1
999 _c169470
_d169470